| 000 | 01168nam0a2200277 4500 | ||
|---|---|---|---|
| 001 | RU\NLR\bibl\1229936 | ||
| 005 | 20260407180306.0 | ||
| 021 |
_aRU _b2008-22765 _91250 |
||
| 035 | _a(NLR Aleph) 001216218 | ||
| 090 |
_a109525 _c109525 |
||
| 100 | _a20080520d2007 |||y0rusy50 ca | ||
| 101 | 0 | _arus | |
| 102 | _aRU | ||
| 105 | _ay ||||||||| | ||
| 200 | 1 |
_aСовершенствование правового регулирование противодействия коррупции _e[сборник документов] _fФедер. собрание Рос. Федерации, Гос. Дума |
|
| 210 |
_aМосква _cИздание Государственной Думы _d2007 |
||
| 215 |
_a102, [1] с. _d20 |
||
| 606 | 1 |
_aКоррупция _xБорьба с ней _yРоссийская Федерация _92174431 _3RU\NLR\auth\661307822 |
|
| 686 | _aХ628.322.17 | ||
| 712 | 0 | 1 |
_aРоссийская Федерация _bГосударственная Дума _c2007-2011 _3RU\NLR\AUTH\8810114571 _9728478 |
| 801 | 0 |
_aRU _bNLR _c20080520 _gRCR |
|
| 801 | 1 |
_aRU _bNLR _c20080520 |
|
| 942 | _cBOOK | ||
| 980 | _aNB | ||